| 000 | 00486nam a22001577a 4500 | ||
|---|---|---|---|
| 005 | 20180730161350.0 | ||
| 008 | 120202t xxu||||| |||| 00| 0 eng d | ||
| 020 |
_a812032725X _c175.00 |
||
| 035 | _aB-192628, B-192627 | ||
| 040 |
_aDPL _bENG |
||
| 100 |
_aChattopadhyay, Santanu _940598 |
||
| 245 |
_aCompiler design / _cby Santanu Chattopadhyay |
||
| 260 |
_aNew Delhi _bPrentice-Hall of India _c2006 |
||
| 300 |
_axvii, 225p. _c24 cms. |
||
| 942 |
_2ddc _cEN _h004 _mCHA |
||
| 999 |
_c61819 _d61819 |
||